Score 0/22 Timer 03:00
2 Plays Today
Hint Answer % Correct
So You Think You Can _____Dance
97.9%
The Walking _____Dead
97.1%
_____ of Our LivesDays
95.8%
The _____ of HazzardDukes
93.6%
_____ HousewivesDesperate
93.1%
The Vampire _____Diaries
92.7%
Arrested _____Development
92.2%
_____ CreekDawson's
87%
Star Trek: _____ Space NineDeep
84.4%
_____ StrokesDiff'rent
83.5%
_____ AbbeyDownton
79.7%
Hint Answer % Correct
_____ WhoDoctor
79.2%
_____ Howser, MDDoogie
78.7%
Pushing _____Daisies
78%
_____ DynastyDuck
77.2%
Howdy _____Doody
74.9%
_____ Ball ZDragon
74.1%
_____ & GregDharma
72.9%
American _____Dad!
52.7%
Under the _____Dome
40.5%
Father _____ MysteriesDowling
34.8%
_____: The Next GenerationDegrassi
29.2%

Today's Daily Dose

Missing Word
Train Books

Word Ladder
Piano Man

Quick Pick
Google Products

Get the Picture
Moana or Coco

Remove Ads.
Support Sporcle.
Get the best of Sporcle when you Go Orange. This ad-free experience offers more features, more stats, and more fun while also helping to support Sporcle. Thank you for becoming a member.

You're not logged in!

Compare scores with friends on all Sporcle quizzes.
OR
Log In

Show Comments

Extras

Top Quizzes Today


Score Distribution

Your Account Isn't Verified!

In order to create a playlist on Sporcle, you need to verify the email address you used during registration. Go to your Sporcle Settings to finish the process.

Report this User

Report this user for behavior that violates our Community Guidelines.

Details: